مكتبة جامعة عجلون الوطنية

فهرس بحث المكتبة

أثر عدد فئات تدريج الاستجابة لمقياس سمة القلق في خصائصه السيكومتري = The Effect of the Number of Response Categories of A Trait Anxiety Scale on the Psychometric Properties (Record no. 28886)

MARC details
000 -LEADER
fixed length control field 01122nam a2200229Ii 4500
003 - CONTROL NUMBER IDENTIFIER
control field JO-AjNU
005 - DATE AND TIME OF LATEST TRANSACTION
control field 20240623125444.0
008 - FIXED-LENGTH DATA ELEMENTS--GENERAL INFORMATION
fixed length control field 230605s9999||||xx |||||||||||||| ||und||
040 ## - CATALOGING SOURCE
Original cataloging agency JO-AjNU
Language of cataloging ara
Description conventions rda
Transcribing agency JO-AjNU
041 ## - LANGUAGE CODE
Language code of text/sound track or separate title ara
050 14 - LIBRARY OF CONGRESS CALL NUMBER
Classification number BF575.2012
100 3# - MAIN ENTRY--PERSONAL NAME
Personal name اعداد علي محمد احمد فريحات؛ إشراف احمد يوسف قواسمة,
Relator term author
9 (RLIN) 56610
245 00 - TITLE STATEMENT
Title أثر عدد فئات تدريج الاستجابة لمقياس سمة القلق في خصائصه السيكومتري = The Effect of the Number of Response Categories of A Trait Anxiety Scale on the Psychometric Properties
260 ## - PUBLICATION, DISTRIBUTION, ETC.
Date of publication, distribution, etc. 2012
300 ## - PHYSICAL DESCRIPTION
Extent 65 ورقه
336 ## - CONTENT TYPE
Content type term text
Content type code txt
Source rdacontent
337 ## - MEDIA TYPE
Media type term unmediated
Media type code n
Source rdamedia
338 ## - CARRIER TYPE
Carrier type term volume
Carrier type code nc
Source rdacarrier
500 ## - GENERAL NOTE
General note رسالة جامعية (ماجستير) جامعة جدارا (إربد، الأردن)، كلية العلوم التربوية ؛ قسم القياس والتقويم، 2012
650 #4 - SUBJECT ADDED ENTRY--TOPICAL TERM
Topical term or geographic name entry element القلق(علم النفس) -- القياس النفسي -- الاختبارات النفسية
9 (RLIN) 56611
942 ## - ADDED ENTRY ELEMENTS (KOHA)
Source of classification or shelving scheme Library of Congress Classification
Koha item type Thesis
Holdings
Withdrawn status Lost status Source of classification or shelving scheme Damaged status Not for loan Home library Current library Shelving location Date acquired Total Checkouts Full call number Barcode Date last seen Price effective from Koha item type
    Library of Congress Classification     مكتبة جامعة عجلون الوطنية مكتبة جامعة عجلون الوطنية المراجع 23/06/2024   BF575.2012 A25318 06/06/2023 23/06/2024 Reference